Les campagnes dans l'occident médiéval - 5ème - Statistiques

Statistiques générales
  • Ce quiz a été pris 154 fois
  • Le résultat moyen est 7 sur 10
Statistiques - réponses
Question Réponse % Correct
Quelle innovation agricole a grandement contribué à augmenter les rendements agricoles au XIème siècle ? La charrue
86%
Comment s'appelle la plus haute tour d'un château-fort ? Le donjon
77%
Quel est le nom du roi qui règne de 1180 à 1223 en France ? Philippe Auguste
74%
Comment appelle t-on la cérémonie par laquelle on devient chevalier ? L'adoubement
73%
Comment appelle t-on des terres cédées par le seigneur aux paysans ? Tenures
72%
Quel est le nom du phénomène qui accroit la superficie des terres agricoles au XIème siècle ? Défrichement
70%
Comment appelle t-on le système de fidélité pyramidal propre au Moyen Âge ? La féodalité
64%
Quelle est la proportion de paysans dans l'occident médiéval ? 90%
55%
Qu'est ce qu'un vilain ? Un paysan libre
54%
Comment écrit-on le terme désignant notre période ? Moyen Âge
29%
Aucun quiz correspondant
Distribution des résultats
% des personnes avec chaque résultat
Percentile par nombre de réponses
Votre historique - résultats
Vous n’avez pas pris ce quiz